000 00951nam a2200181 4500
001 1867
005 20230410102056.0
008 060907n1995 dr spa
035 _9funglode1875
041 _aES
050 1 4 _a118 JL 1138 R173e 1995
100 _aRamírez Morillo, Belarminio
245 1 _aLas elecciones dominicanas :
_bdel populismo al marketing político /
_cBelarminio Ramírez Morillo
260 _aSanto Domingo :
_bFundación de Estudios Sociopolíticos, Jurídicos y Económicos (FESJE),
_c1995
300 _a158 p.
520 _aEl papel de las elecciones, 17. -- Cultura y persuasión política, 29. -- Ciclo biológico de una carretera política, 47. -- Razón y pasión en el debate político, 59. -- Los programas políticos, 75. -- Las alianzas políticas y electorales, 91. -- La guerra de las encuestas, 103. -- Resultados elecciones 1994, 125. -- Breve diccionario político electoral, 137
942 _2lcc
_cbk
999 _c18565
_d18565